000 00794cab a2200193 4500
001 ##L136290
008 070123n2007 000 0 eng u
035 _a(Sirsi) u136290
041 0 _aeng
100 1 _aMenary, Steve
245 0 0 _aBalfour top in 2006
260 _c2007
490 0 _aConstruction News
_v(7001) 18 January 2007, 16-17(2)
520 _aMonthly league compiled by Emap Glenigan showing Davis Langdon heading the quantity surveying table for 12 months to December 2006, with total orders reaching £2 480.8m. Cyril Sweett were runners up, with Gardiner and Theobald in third place. Balfour Beatty won the 2006 annual contractor's title.
590 _aKA
651 4 _aUnited Kingdom
_y
690 _aBUILT ENVIRONMENT-QUANTITY SURVEYING-QUANTITY SURVEYORS
942 _n0
999 _c78234
_d78234